[Event "Bamberg op-A 5th"]
[Site "Bamberg"]
[Date "2023.07.29"]
[Round "5"]
[White "Chassard, Cedric"]
[Black "Honisch, Alexander"]
[Result "1/2-1/2"]
[WhiteElo "2326"]
[BlackElo "2040"]
[PlyCount "77"]
[EventDate "2023.07.26"]
[EventType "swiss"]
[EventRounds "7"]
[EventCountry "GER"]
[SourceTitle "CBM 215 Extra"]
[Source "ChessBase"]
[SourceDate "2023.09.30"]
[SourceVersion "1"]
[SourceVersionDate "2023.09.30"]
[SourceQuality "1"]

1. e4 e5 2. Nf3 Nc6 3. Bb5 a6 4. Ba4 Nf6 5. 0-0 b5 6. Bb3 Bc5 7. c3 d6 8. a4 Rb8 9. axb5 axb5 10. d4 Bb6 11. Na3 0-0 12. Nxb5 Bg4 13. Bc2 Bxf3 14. gxf3 Nh5 15. f4 Nxf4 16. Bxf4 exf4 17. Qg4 Ne7 18. Qxf4 Ng6 19. Qg3 c5 20. Kh1 cxd4 21. cxd4 Qf6 22. Rad1 Nf4 23. b4 Rfc8 24. Bd3 Ra8 25. Rg1 g6 26. Qf3 Ra2 27. Bb1 Rb2 28. Rg4 Nh5 29. Qxf6 Nxf6 30. Rf4 Nh5 31. Rxf7 Bxd4 32. Nxd6 Rd8 33. Nb7 Rb8 34. Rd7 Bxf2 35. b5 Bg3 36. R7d2 Rxd2 37. Rxd2 Rxb7 38. hxg3 Rxb5 39. Ba2+ 1/2-1/2

[Event "GER-ch U16"]
[Site "Willingen"]
[Date "2023.05.30"]
[Round "4"]
[White "Honisch, Alexander"]
[Black "Von Mettenheim, Johannes"]
[Result "0-1"]
[WhiteElo "2057"]
[BlackElo "2329"]
[PlyCount "84"]
[EventDate "2023.05.27"]
[EventType "swiss"]
[EventRounds "9"]
[EventCountry "GER"]
[SourceTitle "CBM 214 Extra"]
[Source "ChessBase"]
[SourceDate "2023.07.31"]
[SourceVersion "1"]
[SourceVersionDate "2023.07.31"]
[SourceQuality "1"]

1. e4 c6 2. Nc3 d5 3. Nf3 Bg4 4. h3 Bh5 5. exd5 cxd5 6. g4 Bg6 7. Ne5 Nc6 8. Bb5 Rc8 9. d4 e6 10. Qe2 Bd6 11. Nxg6 hxg6 12. Nxd5 Nge7 13. Ne3 0-0 14. c3 Bf4 15. Bxc6 Rxc6 16. Bd2 Qb6 17. b3 Qa5 18. Qf3 Qc7 19. 0-0 Rd8 20. Rad1 g5 21. Qe4 b5 22. Kh1 Nd5 23. c4 Nf6 24. Qd3 Rcd6 25. Bc3 Qc6+ 26. Kg1 bxc4 27. bxc4 Rc8 28. Bb4 Rd7 29. d5 Qb7 30. Bc3 Ne8 31. Qe4 Nd6 32. Qd4 e5 33. Qd3 Rdc7 34. Nf5 Nxf5 35. Qxf5 e4 36. d6 Rc5 37. d7 Rxf5 38. d8Q+ Rxd8 39. Rxd8+ Kh7 40. gxf5 e3 41. Re8 Qf3 42. Bd4 Qxh3 0-1

[Event "GER-chT U20"]
[Site "Muenster"]
[Date "2022.12.29"]
[Round "5"]
[White "Leonard, Timo"]
[Black "Honisch, Alexander"]
[Result "1/2-1/2"]
[WhiteElo "2174"]
[BlackElo "1988"]
[PlyCount "61"]
[EventDate "2022.12.26"]
[EventType "team-swiss"]
[EventRounds "7"]
[EventCountry "GER"]
[SourceTitle "CBM 212 Extra"]
[Source "ChessBase"]
[SourceDate "2023.03.31"]
[SourceVersion "1"]
[SourceVersionDate "2023.03.31"]
[SourceQuality "1"]
[WhiteTeam "Hemer"]
[BlackTeam "Bebenhausen"]
[WhiteTeamCountry "GER"]
[BlackTeamCountry "GER"]

1. d4 Nf6 2. c4 g6 3. Nc3 Bg7 4. e4 d6 5. Nf3 0-0 6. Be2 e5 7. Be3 Ng4 8. Bg5 f6 9. Bc1 Nc6 10. 0-0 Nh6 11. d5 Ne7 12. Nd2 c5 13. dxc6 Nxc6 14. Nf3 Nf7 15. Rb1 f5 16. b4 Nd4 17. Be3 Nxe2+ 18. Qxe2 f4 19. Bc1 g5 20. Rd1 g4 21. Ne1 Qh4 22. g3 Qh5 23. h4 Bf6 24. Nd5 Bxh4 25. gxh4 Qxh4 26. Ng2 Qh3 27. Ngxf4 exf4 28. Bxf4 Ne5 29. Bxe5 dxe5 30. Rb3 Qh4 31. Nc7 1/2-1/2

[Event "GER-ch U14"]
[Site "Willingen"]
[Date "2022.06.09"]
[Round "7"]
[White "Payyappat, Sayas"]
[Black "Honisch, Alexander"]
[Result "1-0"]
[WhiteElo "2173"]
[BlackElo "1878"]
[PlyCount "83"]
[EventDate "2022.06.04"]
[EventType "swiss"]
[EventRounds "9"]
[EventCountry "GER"]
[SourceTitle "CBM 208 Extra"]
[Source "ChessBase"]
[SourceDate "2022.07.31"]
[SourceVersion "1"]
[SourceVersionDate "2022.07.31"]
[SourceQuality "1"]

1. e4 e5 2. Nf3 Nc6 3. Bc4 Bc5 4. c3 Nf6 5. d4 exd4 6. e5 d5 7. Bb5 Ne4 8. cxd4 Bb6 9. Nc3 0-0 10. Be3 Bg4 11. h3 Bxf3 12. gxf3 Nxc3 13. bxc3 Qe7 14. f4 f5 15. a4 Na5 16. 0-0 c6 17. Be2 Qe6 18. Kh2 Nc4 19. Qb3 Rab8 20. Rg1 Kh8 21. Rg3 Rf7 22. Bxc4 dxc4 23. Qb4 Bd8 24. a5 Be7 25. Qb2 Bf8 26. Ra4 b5 27. axb6 axb6 28. Rg1 b5 29. Rga1 Rfb7 30. Ra8 Qd7 31. R1a6 h6 32. Qa2 Be7 33. R6a7 Rxa8 34. Rxa8+ Kh7 35. Qa6 Qc7 36. d5 cxd5 37. Qe6 Bd8 38. Qxf5+ g6 39. Qf8 Rb8 40. Rxb8 Qxb8 41. Qf7+ Kh8 42. e6 1-0

[Event "GER-ch U14"]
[Site "Willingen"]
[Date "2022.06.08"]
[Round "6"]
[White "Honisch, Alexander"]
[Black "Udelnov, Valentin"]
[Result "1-0"]
[WhiteElo "1878"]
[BlackElo "1967"]
[PlyCount "79"]
[EventDate "2022.06.04"]
[EventType "swiss"]
[EventRounds "9"]
[EventCountry "GER"]
[SourceTitle "CBM 208 Extra"]
[Source "ChessBase"]
[SourceDate "2022.07.31"]
[SourceVersion "1"]
[SourceVersionDate "2022.07.31"]
[SourceQuality "1"]

1. e4 e5 2. Nf3 Nc6 3. Bb5 g6 4. 0-0 Bg7 5. c3 d6 6. d4 Bd7 7. Be3 Nf6 8. Nbd2 0-0 9. h3 Re8 10. Bd3 Nh5 11. Re1 Kh8 12. Qc2 Qc8 13. dxe5 dxe5 14. Nc4 f5 15. Rad1 f4 16. Bc1 Bf6 17. Be2 Ng7 18. b4 b5 19. Nb2 Rb8 20. a4 a6 21. axb5 axb5 22. Rd5 Ne7 23. Rxe5 Bxe5 24. Nxe5 Rf8 25. Nbd3 Ne6 26. Bg4 Rb6 27. Nxd7 Qxd7 28. Nxf4 Rxf4 29. Bxf4 h5 30. Be5+ Kh7 31. Be2 Nc6 32. Bh2 Qf7 33. e5 Nf4 34. Bf1 Nd8 35. Qe4 Nde6 36. Re3 Kh6 37. g3 g5 38. gxf4 gxf4 39. Rf3 Ng5 40. Bxf4 1-0

[Event "GER-ch U14"]
[Site "Willingen"]
[Date "2022.06.08"]
[Round "5"]
[White "Sauer, Tim"]
[Black "Honisch, Alexander"]
[Result "0-1"]
[WhiteElo "1777"]
[BlackElo "1878"]
[PlyCount "76"]
[EventDate "2022.06.04"]
[EventType "swiss"]
[EventRounds "9"]
[EventCountry "GER"]
[SourceTitle "CBM 208 Extra"]
[Source "ChessBase"]
[SourceDate "2022.07.31"]
[SourceVersion "1"]
[SourceVersionDate "2022.07.31"]
[SourceQuality "1"]

1. e4 e5 2. Nf3 Nc6 3. Bc4 Bc5 4. c3 Nf6 5. d4 exd4 6. b4 Bb6 7. e5 d5 8. exf6 dxc4 9. Qe2+ Be6 10. b5 Na5 11. fxg7 Rg8 12. cxd4 Qd7 13. Nc3 0-0-0 14. Bg5 Rde8 15. 0-0-0 Bg4 16. Qd2 Bxf3 17. gxf3 Rxg7 18. Qf4 Rg6 19. Bh4 Kb8 20. Rhe1 Rge6 21. Qf5 Qd6 22. Rxe6 fxe6 23. Qe5 Nb3+ 24. Kb2 Nxd4 25. Qxd6 cxd6 26. Bg3 Kc7 27. Ne4 e5 28. Rc1 Rf8 29. Rxc4+ Kd7 30. Nc3 Rxf3 31. a4 Nf5 32. Nd1 h5 33. Kc2 Bd4 34. Kd2 h4 35. Ke2 Ra3 36. Ne3 Nxe3 37. fxe3 Rxe3+ 38. Kf2 hxg3+ 0-1

[Event "GER-ch U14"]
[Site "Willingen"]
[Date "2022.06.06"]
[Round "3"]
[White "Mader, Fabian"]
[Black "Honisch, Alexander"]
[Result "1-0"]
[WhiteElo "1652"]
[BlackElo "1878"]
[PlyCount "99"]
[EventDate "2022.06.04"]
[EventType "swiss"]
[EventRounds "9"]
[EventCountry "GER"]
[SourceTitle "CBM 208 Extra"]
[Source "ChessBase"]
[SourceDate "2022.07.31"]
[SourceVersion "1"]
[SourceVersionDate "2022.07.31"]
[SourceQuality "1"]

1. e4 e5 2. Nf3 Nc6 3. Bc4 Bc5 4. c3 Nf6 5. d3 d6 6. Bb3 h6 7. Nbd2 a5 8. h3 b5 9. Nf1 0-0 10. g4 d5 11. Qe2 b4 12. g5 hxg5 13. Bxg5 dxe4 14. dxe4 a4 15. Bd5 Ba6 16. Qc2 Bb7 17. Rd1 Bd6 18. Rg1 b3 19. axb3 axb3 20. Bxb3 Na5 21. Ng3 Nxb3 22. Qxb3 Ba6 23. Nh5 Nxh5 24. Bxd8 Raxd8 25. Rd2 Nf4 26. Qd1 Bb7 27. Nxe5 Rde8 28. Nc4 Rxe4+ 29. Ne3 Ra8 30. Rd4 Re7 31. Qg4 Ne6 32. Kd2 Be5 33. Nf5 Ree8 34. f4 Bf6 35. Rd7 Rad8 36. Rxd8 Rxd8+ 37. Kc1 Ra8 38. Nd4 Nc5 39. Re1 Nd3+ 40. Kd2 Nxe1 41. Kxe1 Ra2 42. Qe2 Ra8 43. Kd2 Bd5 44. Kc2 Rb8 45. Kc1 Kf8 46. Qh5 Rd8 47. c4 Be4 48. Qc5+ Kg8 49. Nc6 Ra8 50. Ne7+ 1-0

[Event "GER-ch U12"]
[Site "Willingen"]
[Date "2020.10.29"]
[Round "4"]
[White "Honisch, Alexander"]
[Black "Sommer, Justus"]
[Result "1-0"]
[WhiteElo "1667"]
[BlackElo "1845"]
[PlyCount "93"]
[EventDate "2020.10.26"]
[EventType "swiss"]
[EventRounds "7"]
[EventCountry "GER"]
[SourceTitle "CBM 199 Extra"]
[Source "ChessBase"]
[SourceDate "2021.01.31"]
[SourceVersion "1"]
[SourceVersionDate "2021.01.31"]
[SourceQuality "1"]

1. e4 e5 2. Nf3 Nc6 3. Bc4 Bc5 4. c3 Nf6 5. d3 d6 6. 0-0 a6 7. Bb3 Ba7 8. Nbd2 h6 9. h3 g5 10. Nc4 g4 11. hxg4 Bxg4 12. Be3 b5 13. Bxa7 bxc4 14. Ba4 Rxa7 15. Bxc6+ Kf8 16. d4 Rg8 17. dxe5 Nh5 18. exd6 Bh3 19. Ne1 Nf4 20. e5 Bg4 21. dxc7 Qxc7 22. Bf3 Bxf3 23. Qxf3 Qxe5 24. g3 Re7 25. Ng2 Nd3 26. b3 Qxc3 27. bxc4 Qxc4 28. Rfd1 Ne5 29. Qa3 Ng6 30. Rac1 Qe6 31. Re1 Qf6 32. Rc7 a5 33. Nf4 Nxf4 34. Qxe7+ Kg7 35. Qxf6+ Kxf6 36. Rc6+ Ne6 37. Kg2 Rd8 38. Ra6 Rd5 39. Re4 Kg7 40. Ra4 Rd2 41. R6xa5 Rd6 42. Ra7 Rd5 43. Re4 Rd6 44. a4 Kf6 45. a5 Kg6 46. Rb4 Kh5 47. Rxf7 1-0